• 首页
  • 本馆介绍
  • 公告通知
  • 最新文献
  • 馆藏检索
  • 电子资源
  • 读者导购
  • 参考咨询
  • 我的图书馆
  • 登录
  • 详细信息显示
  • 放入我的书架
  • 预约/预借图书
  • 作者相关作品
  • 分类相关作品
  • 丛书相关作品
  • 出版社相关作品

书目信息

  • 表格格式
  • 工作单格式
  • 卡片格式
题名:
三百种古典名剧欣赏
    
 
作者: 徐培均 , 范民声 主编
分册:  
出版信息: 上海   上海辞书出版社  2005
页数: 15,913页
开本: 21cm
丛书名:
单 册:
中图分类: I207.37
科图分类:
主题词: 古代戏曲--鉴赏--中国 , 古代戏曲
电子资源:
ISBN: 7-5326-1740-8
000 00852nam0 2200241 450
001 002996876
005 20061106171003.73
010    @a7-5326-1740-8@b精装@dCNY78.00
100    @a20050815d2005 em y0chiy0110 ea
101 0  @achi
102    @aCN@b310000
105    @ay z 000yy
200 1  @a三百种古典名剧欣赏@9san bai zhong gu dian ming ju xin shang@f徐培均,范民声主编
210    @a上海@c上海辞书出版社@d2005
215    @a15,913页@d21cm
330    @a本书共收剧目三百六十七个,每个剧目的赏析文章均由作者、剧情、源流、赏析四部分组成。剧目有关汉卿的《窦娥冤》、《救风尘》;杨显之的《潇湘夜雨》、《酷寒亭》等。
606 0  @a古代戏曲@x鉴赏@y中国
606 0  @a古代戏曲
690    @aI207.37@v4
701  0 @a徐培均@9xu pei jun@f(1928.8~)@4主编
701  0 @a范民声@9fan min sheng@4主编
801  0 @aCN@bNLC@c20061106
905    @a10447@dI207.37@e101
    
    三百种古典名剧欣赏/徐培均,范民声主编.-上海:上海辞书出版社,2005
    15,913页;21cm
    
    
    ISBN 7-5326-1740-8(精装):CNY78.00
    本书共收剧目三百六十七个,每个剧目的赏析文章均由作者、剧情、源流、赏析四部分组成。剧目有关汉卿的《窦娥冤》、《救风尘》;杨显之的《潇湘夜雨》、《酷寒亭》等。
●
相关链接 在E读中查询图书 在五车中查询图书 在当当中查询图书 在豆瓣中查询图书


正题名:三百种古典名剧欣赏     索取号:I207.37/101         预约/预借

序号 登录号 条形码 馆藏地/架位号 状态 备注
1 0382376   203823764   第一样本阅览室/ [索取号:I207.37/101] 在馆    
2 0382377   203823773   第二借阅区/ [索取号:I207.37/101] 在馆    
3 0382378   203823782   第二借阅区/ [索取号:I207.37/101] 在馆    
唐山师范学院图书馆 欢迎您!
大连网信软件有限公司© 版权所有